Майя Плисецкая. Богиня русского балета

Bibliographic Details
Main Author: Обоймина Е. Елена
Summary:Прима Большого театра СССР и известная на весь мир балерина, она стала символом своей эпохи, эталоном и примером для подражания. Майя Плисецкая танцевала главную партию в "Лебедином озере" более полувека: впервые она вышла на сцену с этим номером в 42-м году в Свердловске в эвакуации, в последний раз — в 9б-м в Москве на Красной площади. Не меньшим постоянством отличалась и личная жизнь балерины: более пятидесяти лет продлился счастливый брак с композитором Родионом Щедриным. Перед вами самая полная и подробная на сегодняшний день биография главной примы-балерины Большого театра, написанная известным историком балета Еленой Обойминой.
Language:Russian
Published: Москва, Родина, 2018
Series:Высокое искусство
Subjects:
Format: Book
KOHA link:https://koha.lib.tpu.ru/cgi-bin/koha/opac-detail.pl?biblionumber=376970

MARC

LEADER 00000nam0a2200000 4500
001 376970
005 20231102012852.0
010 |a 9785907024809 
035 |a (RuTPU)RU\TPU\retro\34414 
090 |a 376970 
100 |a 20230201d2018 m y0rusy50 ca 
101 0 |a rus 
102 |a RU 
105 |a a z 001ab 
200 1 |a Майя Плисецкая. Богиня русского балета  |f Е. Обоймина 
210 |a Москва  |c Родина  |d 2018 
215 |a 304 с.  |c ил. 
225 1 |a Высокое искусство 
320 |a Библиогр.: с. 303 
330 |a Прима Большого театра СССР и известная на весь мир балерина, она стала символом своей эпохи, эталоном и примером для подражания. Майя Плисецкая танцевала главную партию в "Лебедином озере" более полувека: впервые она вышла на сцену с этим номером в 42-м году в Свердловске в эвакуации, в последний раз — в 9б-м в Москве на Красной площади. Не меньшим постоянством отличалась и личная жизнь балерины: более пятидесяти лет продлился счастливый брак с композитором Родионом Щедриным. Перед вами самая полная и подробная на сегодняшний день биография главной примы-балерины Большого театра, написанная известным историком балета Еленой Обойминой. 
600 1 |a Плисецкая  |g Майя Михайловна  |b М. М.  |c российская балерина  |c народная артистка СССР  |f 1925-2015  |2 stltpush  |3 (RuTPU)RU\TPU\pers\558 
606 1 |a Спектакли балетные  |2 stltpush  |3 (RuTPU)RU\TPU\subj\55751  |9 73726 
610 1 |a балет 
610 1 |a 20 век 
610 1 |a Большой театр 
610 1 |a биография 
675 |a 792.8(092)  |v 4 
700 1 |a Обоймина  |b Е.  |g Елена 
801 1 |a RU  |b 63413507  |c 20230201 
801 2 |a RU  |b 63413507  |c 20230310  |g RCR 
942 |c BK